Handbook for interpreters in asylum procedures

Saved in:
Bibliographic Details
Main Authors: Bergunde, Annika (Author), Pollabauer, Sonja (Author), Topolovec, Iris (Author)
Corporate Author: United Nations High Commissioner for Refugees (Austria) (Editor)
Format: Book
Language:English
Published: Berlín, Germany. Frank and Timme, 2018
Subjects:
Online Access:Disponible Online
Tags: Add Tag
No Tags, Be the first to tag this record!

MARC

LEADER 00000cam a2200000 a 4500
001 UCC9267
003 CL-VaPUC
005 20210914123415.0
008 190914e20180000gw |||||||||||||||||eng|d
999 |c 375460  |d 375458 
020 |a 9783732904426 
040 |c Pontificia Universidad Católica de Valparaíso 
082 0 4 |a 418.020711 BER 2018  |2 21 
100 0 |a Bergunde, Annika  |e author  |9 604243 
110 |a United Nations High Commissioner for Refugees (Austria)  |e editor  |9 860814 
245 1 0 |a Handbook for interpreters in asylum procedures 
260 |a Berlín, Germany.  |b Frank and Timme,  |c 2018 
300 |a 199 páginas  
583 |a last modification  |c 20190914 23:07:00  |k Rodrigo Vera 
650 0 |a Traducción e interpretación  |9 315998 
700 0 |a Pollabauer, Sonja  |e author  |9 604244 
700 0 |a Topolovec, Iris  |e author  |9 604245 
856 |u https://www.unhcr.org/dach/wp-content/uploads/sites/27/2017/09/AUT_Handbook-Asylum-Interpreting_en.pdf  |y Disponible Online  
942 |c BK  |2 ddc 
945 |d 20190914 23:07:00  |a dcastane 
952 |0 0  |1 0  |2 ddc  |3 erb  |4 0  |6 418_020711000000000_BER_2018  |7 0  |8 A  |9 494442  |a BIBEDU  |b BIBEDU  |d 2019-09-09  |e 67  |g 23172.00  |i 5560977  |o 418.020711 BER 2018  |p 5560977  |r 2019-11-24  |v 23172.00  |w 2019-11-24  |y BK  |z Catalogado en:20190914  |k CIT